México y sus gobernantes, de 1519 a 1910 : biografías, retratos y autógrafos (iconografía completa), con una reseña histórica anterior al descubrimiento y conquista /

Compilación de biografías de las máximas autoridades políticas que han regido en el territorio mexicano, desde Cuauhtémoc hasta 1910, acompañada por los retratos y autógrafos de cada uno de los personajes abordados. Dividida en dos tomos, la obra de la española Emilia Serrano del Tornel, baronesa de...

Ful tanımlama

Kaydedildi:
Detaylı Bibliyografya
Yazar: Serrano de Wilson, Emilia
Materyal Türü: Kitap
Dil:İspanyolca
Konular:
Etiketler: Etiketle
Etiket eklenmemiş, İlk siz ekleyin!

MARC

LEADER 00000nam^a2200000^a^4500
001 000104602
005 20250521000000.0
009 20260310093428.948
037 |a Acervo ITESO - Biblioteca 
041 |a ESP 
082 |a 972.  |b SER 
100 |a Serrano de Wilson, Emilia 
245 1 0 |a México y sus gobernantes, de 1519 a 1910 :  |b biografías, retratos y autógrafos (iconografía completa), con una reseña histórica anterior al descubrimiento y conquista /  |c E. Serrano del Tornel. 
264 |a México :  |b Editora Nacional,  |c 1958 
300 |a 2 v. 
336 |a texto  |b txt  |2 rdacontenido 
337 |a sin mediación  |b n  |2 rdamedio 
338 |a volumen  |b nc  |2 rdasoporte 
520 |a Compilación de biografías de las máximas autoridades políticas que han regido en el territorio mexicano, desde Cuauhtémoc hasta 1910, acompañada por los retratos y autógrafos de cada uno de los personajes abordados. Dividida en dos tomos, la obra de la española Emilia Serrano del Tornel, baronesa de Wilson, fue publicada por primera vez en Barcelona en 1910 como un homenaje al centenario de la independencia de México: el primer volumen inicia con una reseña histórica del México prehispánico, para luego empezar el recorrido biográfico hasta llegar a los caudillos insurgentes Morelos e Hidalgo; el segundo está dedicado a los jefes de estado del México independiente, desde el emperador Agustín de Iturbide hasta Porfirio Díaz. 
649 |a XX 
650 |a Gobernadores Coloniales en México -  |x Biografías 
650 |a Virreyes de México -  |x Biografías 
650 |a Emperadores Mexicanos -  |x Biografías 
650 |a Jefes de Estado Mexicanos -  |x Biografías 
650 |a Independentistas Mexicanos -  |x Biografías 
650 |a Revolucionarios Mexicanos -  |x Biografías 
650 |a Políticos Mexicanos -  |x Biografías 
650 |a Política -  |z México -  |x Historia 
650 |a México -  |x Historia 
910 |a Fondo Jesús Rodríguez 
920 |a Impresos - Libros 
930 |a Fondos Especiales 
905 |a 113 
901 |a 0500040502  |b IT2  |c ESP  |u 20250521 
901 |a 0500040509  |b IT2  |c ESP  |u 20250521 
902 |a https://opac.biblio.iteso.mx/vufind/Record/000104602